[Event "Tarragona-ch Seniors"]
[Site "Cambrils"]
[Date "2020.02.13"]
[Round "4.5"]
[White "Ferrer Dalmau, Josep Antonio"]
[Black "Grau Ferrer, Carles"]
[Result "0-1"]
[WhiteElo "1718"]
[BlackElo "1890"]
[PlyCount "70"]
[EventDate "2020.01.23"]
[EventType "swiss"]
[EventRounds "8"]
[EventCountry "ESP"]
[SourceTitle "EXT 2024"]
[Source "ChessBase"]
[SourceDate "2023.10.10"]
[SourceVersion "1"]
[SourceVersionDate "2023.10.10"]
[SourceQuality "1"]

1. d4 d5 2. c4 c6 3. Nc3 Nf6 4. cxd5 Nxd5 5. Nxd5 Qxd5 6. Nf3 Bg4 7. Bf4 Bxf3 8. gxf3 e6 9. a3 Nd7 10. e4 Qa5+ 11. b4 Qh5 12. Bg2 Rd8 13. Bc7 Rc8 14. Bg3 Be7 15. 0-0 0-0 16. Re1 Rfd8 17. Qb3 Nf8 18. Rad1 Ng6 19. Re3 Bh4 20. f4 Bxg3 21. fxg3 Nf8 22. Bf3 Qb5 23. a4 Qb6 24. a5 Qc7 25. Bg4 b6 26. a6 c5 27. dxc5 Rxd1+ 28. Bxd1 bxc5 29. b5 c4 30. Qc3 Qb6 31. Ba4 Nd7 32. Kg2 Qc5 33. b6 Nxb6 34. Bc2 h6 35. e5 Nd5 0-1

[Event "Cornella de Llobregat op 7th"]
[Site "Cornella de Llobregat"]
[Date "2019.11.04"]
[Round "5"]
[White "Oliver Martinez Fornes, Carlos"]
[Black "Grau Ferrer, Carles"]
[Result "0-1"]
[WhiteElo "2063"]
[BlackElo "1808"]
[PlyCount "102"]
[EventDate "2019.10.07"]
[EventType "swiss"]
[EventRounds "9"]
[EventCountry "ESP"]
[SourceTitle "CBM 193 Extra"]
[Source "ChessBase"]
[SourceDate "2020.01.31"]
[SourceVersion "1"]
[SourceVersionDate "2020.01.31"]
[SourceQuality "1"]

1. d4 Nf6 2. c4 d6 3. Nc3 g6 4. g3 Bg7 5. Bg2 0-0 6. Nf3 c6 7. 0-0 Nbd7 8. e4 e5 9. h3 Re8 10. Be3 a6 11. Qc2 Qc7 12. Rad1 Nf8 13. d5 c5 14. a3 Bd7 15. Ne1 Nh5 16. Kh2 f5 17. Nd3 Rad8 18. Bd2 Nf6 19. Rde1 h6 20. exf5 gxf5 21. f4 e4 22. Nf2 h5 23. Ncd1 Re7 24. Ne3 Bh6 25. h4 Bg7 26. Bh3 Ng4+ 27. Bxg4 hxg4 28. Bc3 Nh7 29. Bxg7 Rxg7 30. Qc3 Rf8 31. b4 Nf6 32. Rb1 Bc8 33. b5 Nh5 34. Kg2 Nf6 35. Rb2 Qe7 36. bxa6 bxa6 37. Rfb1 Rh7 38. Rb8 Nh5 39. Rh1 Qc7 40. Rhb1 Qd8 41. Rh1 Qc7 42. Rhb1 Qe7 43. Rxc8 Rxc8 44. Nxf5 Qf8 45. Ne3 Nxf4+ 46. gxf4 Qxf4 47. Nexg4 Rg7 48. Qg3 Qd2 49. Rb3 Rf8 50. Kh3 Qc1 51. Qxd6 Qf1+ 0-1

[Event "Barcelona Sants op 21st"]
[Site "Barcelona"]
[Date "2019.08.27"]
[Round "5"]
[White "Grau Ferrer, Carles"]
[Black "Perez Garcia, Jose Miguel"]
[Result "1/2-1/2"]
[WhiteElo "1808"]
[BlackElo "1904"]
[PlyCount "24"]
[EventDate "2019.08.23"]
[EventType "swiss"]
[EventRounds "10"]
[EventCountry "ESP"]
[SourceTitle "EXT 2020"]
[Source "ChessBase"]
[SourceDate "2019.10.17"]
[SourceVersion "1"]
[SourceVersionDate "2019.10.17"]
[SourceQuality "1"]

1. d4 Nf6 2. Bf4 c5 3. e3 g6 4. c3 Bg7 5. Be2 0-0 6. h3 d5 7. Nd2 Nc6 8. Ngf3 Nd7 9. 0-0 b6 10. Bh2 e5 11. dxe5 Ndxe5 12. Re1 Re8 1/2-1/2

[Event "Cardona Memorial 22nd"]
[Site "Catalunya"]
[Date "2019.03.23"]
[Round "3"]
[White "Domene Mulyukov, Alexander"]
[Black "Grau Ferrer, Carles"]
[Result "1-0"]
[WhiteElo "1773"]
[BlackElo "1815"]
[PlyCount "180"]
[EventDate "2019.03.16"]
[EventType "swiss"]
[EventRounds "8"]
[EventCountry "ESP"]
[SourceTitle "EXT 2020"]
[Source "ChessBase"]
[SourceDate "2019.10.17"]
[SourceVersion "1"]
[SourceVersionDate "2019.10.17"]
[SourceQuality "1"]

1. e4 e5 2. Nf3 Nc6 3. Bc4 Bc5 4. c3 Nf6 5. d3 h6 6. Nbd2 d6 7. Nf1 Be6 8. Bb3 Bb6 9. Ng3 Qd7 10. h3 a6 11. Bc2 Ne7 12. Be3 c5 13. d4 cxd4 14. cxd4 exd4 15. Nxd4 Ba5+ 16. Bd2 Bxd2+ 17. Qxd2 0-0 18. 0-0 Bc4 19. Rfe1 Nc6 20. Ndf5 Ne8 21. e5 Be6 22. Qd3 g6 23. Nxd6 Nxd6 24. Qxd6 Rad8 25. Ne4 Qc8 26. Qc5 Kg7 27. Nd6 Qd7 28. Qe3 Qe7 29. a3 Rb8 30. Rac1 Qg5 31. Qxg5 hxg5 32. Rcd1 Ne7 33. Rd2 Nf5 34. Nxf5+ gxf5 35. Rd3 Rbc8 36. Bb1 Rc7 37. Kh2 Rfc8 38. Rd2 Rc5 39. g3 Rh8 40. f4 gxf4 41. gxf4 Rh6 42. Rg1+ Rg6 43. Rxg6+ Kxg6 44. Rg2+ Kh6 45. Rg5 Rc1 46. Bxf5 Bd5 47. Rg1 Rc4 48. Kg3 Rd4 49. Rf1 Rd2 50. Rf2 Rd1 51. Bg4 Rd4 52. Bf3 Rd3 53. Kg4 Be6+ 54. Kh4 b6 55. Bg4 Bd5 56. f5 Bc4 57. e6 fxe6 58. fxe6 Re3 59. Rf3 Rxf3 60. Bxf3 Bxe6 61. Bg4 Bc4 62. Bf5 Be2 63. Bg4 Bc4 64. Kg3 Kg5 65. Kf2 Kf4 66. Be2 Be6 67. h4 a5 68. h5 Bf5 69. h6 Bh7 70. Bb5 Ke4 71. Kg3 Ke5 72. Kg4 Kf6 73. Kf4 Bg6 74. Bc6 Bc2 75. Be4 Bb3 76. h7 Kg7 77. Ke5 b5 78. Kd4 b4 79. axb4 axb4 80. Kc5 Bd1 81. Kxb4 Be2 82. Kc5 Ba6 83. b4 Be2 84. Kd4 Bb5 85. Bd3 Bd7 86. Kc5 Ba4 87. Be4 Bd7 88. Bc6 Bc8 89. b5 Kxh7 90. Kb6 Kg7 1-0

[Event "Sitges Sunway op-B 5th"]
[Site "Sitges"]
[Date "2018.12.15"]
[Round "2"]
[White "Grau Ferrer, Carles"]
[Black "Vallbona Domingo, Joan"]
[Result "1/2-1/2"]
[WhiteElo "1796"]
[BlackElo "1969"]
[PlyCount "130"]
[EventDate "2018.12.14"]
[EventType "swiss"]
[EventRounds "10"]
[EventCountry "ESP"]
[SourceTitle "CBM 187 Extra"]
[Source "ChessBase"]
[SourceDate "2018.11.04"]
[SourceVersion "1"]
[SourceVersionDate "2018.11.04"]
[SourceQuality "1"]

1. d4 Nf6 2. Nf3 e6 3. c3 c5 4. e3 b6 5. Bd3 Bb7 6. Nbd2 d5 7. 0-0 Bd6 8. Ne5 0-0 9. f4 Ne4 10. Qg4 f5 11. Qh3 Rf6 12. Qh4 Nd7 13. Ndf3 Bxe5 14. fxe5 Rh6 15. Qxd8+ Rxd8 16. a3 c4 17. Bc2 Kf7 18. Rb1 Ke7 19. Ra1 Rg8 20. Bxe4 fxe4 21. Ng5 Rf8 22. Bd2 Rh5 23. Nh3 Rhf5 24. Rf4 Bc6 25. Raf1 Ba4 26. g4 Rxf4 27. exf4 g6 28. Kg2 Bc2 29. Kg3 Bd3 30. Rf2 Rg8 31. Ng1 Kf7 32. h3 Kg7 33. Be3 Rf8 34. h4 Rf7 35. Nh3 h6 36. h5 gxh5 37. f5 hxg4 38. f6+ Kg8 39. Kxg4 Rh7 40. Nf4 Kf7 41. Kh5 Nf8 42. Rg2 Bf1 43. Rg3 Bd3 44. Kh4 Bc2 45. Rg1 Bd3 46. Kh5 Bc2 47. Kh4 Bd3 48. Nh5 Be2 49. Ng7 Ng6+ 50. Rxg6 Kxg6 51. Nxe6 Kf5 52. Nf4 Bf3 53. Nxd5 Rh8 54. Ne7+ Ke6 55. Ng6 Rg8 56. Nf4+ Kf7 57. Kh3 Re8 58. Kh4 Bd1 59. e6+ Rxe6 60. Nxe6 Kxe6 61. Bxh6 Kxf6 62. Be3 Kf5 63. Kh3 Bg4+ 64. Kg3 Bf3 65. Kh4 Bd1 1/2-1/2

[Event "Cornella Pinol Memorial 6th"]
[Site "Cornella de Llobregat"]
[Date "2018.11.05"]
[Round "7"]
[White "Costa Trave, Jaume"]
[Black "Grau Ferrer, Carles"]
[Result "1-0"]
[WhiteElo "1768"]
[BlackElo "1909"]
[PlyCount "117"]
[EventDate "2018.09.24"]
[EventType "swiss"]
[EventRounds "9"]
[EventCountry "ESP"]
[SourceTitle "CBM 187 Extra"]
[Source "ChessBase"]
[SourceDate "2018.11.04"]
[SourceVersion "1"]
[SourceVersionDate "2018.11.04"]
[SourceQuality "1"]

1. f4 d5 2. Nf3 c5 3. e3 Nc6 4. d4 cxd4 5. exd4 Nf6 6. c3 Bf5 7. Bd3 Ne4 8. 0-0 e6 9. Ne5 f6 10. Ng4 Bg6 11. Nf2 f5 12. Nd2 Bd6 13. Nh3 Qe7 14. Nf3 0-0 15. Ne5 Be8 16. Qe1 a6 17. Bxe4 dxe4 18. Be3 Rd8 19. a3 h6 20. b4 Qc7 21. c4 Be7 22. Qc3 Nxe5 23. dxe5 Rd3 24. Qc1 Bh5 25. Nf2 Rd7 26. c5 Rfd8 27. Qc4 Rd5 28. a4 Bf7 29. Rfc1 g5 30. g3 Kh7 31. b5 Ra8 32. c6 gxf4 33. Bxf4 Rc5 34. Qd4 Rd8 35. Qe3 Rxc1+ 36. Rxc1 axb5 37. axb5 bxc6 38. bxc6 Rc8 39. Bxh6 Qxe5 40. Nh3 Be8 41. Bf4 Qd5 42. c7 e5 43. Bg5 Bd6 44. Bd8 f4 45. gxf4 exf4 46. Nxf4 Qf5 47. Qh3+ Qxh3 48. Nxh3 Kg8 49. Ng5 Bf4 50. Rc4 Bxg5 51. Bxg5 Bg6 52. Bf4 Kf7 53. Rd4 Bf5 54. Rd8 Ke7 55. Kf2 Kf6 56. Ke3 Kg6 57. Rxc8 Bxc8 58. Kxe4 Kf7 59. Ke5 1-0

[Event "Hostafrancs op 5th"]
[Site "Barcelona"]
[Date "2003.09.01"]
[Round "3"]
[White "Grau Ferrer, Carles"]
[Black "Hillarp Persson, Tiger"]
[Result "0-1"]
[WhiteElo "2182"]
[BlackElo "2498"]
[PlyCount "98"]
[EventDate "2003.08.30"]
[EventType "swiss"]
[EventRounds "9"]
[EventCountry "ESP"]
[SourceTitle "EXT 2004"]
[Source "ChessBase"]
[SourceDate "2003.11.25"]
[SourceVersion "1"]
[SourceVersionDate "2003.11.25"]
[SourceQuality "1"]

1. d4 g6 2. e4 Bg7 3. c3 d6 4. Bd3 Nf6 5. Ne2 e5 6. d5 0-0 7. Nd2 c6 8. c4 b5 9. Nc3 bxc4 10. Bxc4 cxd5 11. Nxd5 Nbd7 12. 0-0 Bb7 13. Re1 Nxd5 14. Bxd5 Bxd5 15. exd5 Nb6 16. Ne4 h6 17. Nc3 f5 18. Rb1 e4 19. Be3 Nc4 20. Bd4 Ne5 21. Rf1 a6 22. Bxe5 Bxe5 23. Qe2 Qh4 24. g3 Qf6 25. Nd1 Rae8 26. Ne3 h5 27. Ng2 f4 28. gxf4 Bxf4 29. Nxf4 Qxf4 30. Qe3 Qe5 31. Qg3 Qf6 32. Rbe1 Kh7 33. Kh1 Re5 34. Rg1 Rfe8 35. Rg2 Rxd5 36. Reg1 Rg8 37. Qb3 Rb5 38. Qa3 a5 39. Qa4 Rxb2 40. Qxa5 Rxf2 41. Qa7+ Rg7 42. Qxf2 Qe6 43. Re1 d5 44. Qd4 Rf7 45. a4 Rf3 46. a5 e3 47. Qd3 h4 48. Reg1 Qf6 49. Qd4 h3 0-1